00491nam a2200193 a 4500001001300000003000900013005001700022008004100039020001000080082001300090100001700103245002500120260004700145300000800192500003500200505001900235650002600254700001700280nice12345678IN_TiNIC20260116011936.0050524s1924 alia grp 000 0 urd  ac10000a934bPAN aPanikar, K M aTarikh-E-Hind Qadeem aAligarhbMaktaba Jamia Milia Islamiac1924 a81p aincludes index and biblioraphy2 aReserve copies aIndia-History Ancient1 aPanikar, K M